000 00303 a2200121 4500
001 92425
082 _a731.889431 DAN
090 _c44397
_d44398
100 _aDani A H dr.
245 _aGandhara art in Pakistan
260 _aISlamabad
_bDte of Electronic Publication
_c[n. d]
300 _a48 p.
942 _aCAE NUST
_k731.889431 DAN
999 _c327498
_d327498